Ortografía práctica de la lengua española

Saved in:
Bibliografiske detaljer
Hovedforfatter: Fuentes de la Corte, Juan Luis (Author)
Format: Bog
Sprog:spansk
Udgivet: Santiago Bibliográfica Internacional 1994
Udgivelse:21a. ed
Fag:
Tags: Tilføj Tag
Ingen Tags, Vær først til at tagge denne postø!

MARC

LEADER 00000nam a2200000 a 4500
001 UCL3598
003 CL-VaPUC
008 031128e19940000CL |||||||||||||||||spa|d
020 |a 8449961106 
082 0 4 |a 461.52  |b FUE  |2 21 
100 0 |a Fuentes de la Corte, Juan Luis  |e author  |9 480948 
245 1 0 |a Ortografía práctica de la lengua española 
250 |a 21a. ed 
300 |a 233 p 
942 |c BK 
945 |d 20031128 00:00:00  |a cmena 
260 |a Santiago  |b Bibliográfica Internacional  |c 1994 
650 0 |a Español  |9 255372 
650 0 |a Ortografía  |9 309144 
583 |a last modification  |c 20170321 04:36:30  |k Rodrigo Vera 
999 |c 306618  |d 306616 
952 |0 0  |1 0  |4 0  |6 461_520000000000000_FUE_1994  |7 0  |8 A  |9 371765  |a BIBEDU  |b BIBEDU  |d 2019-11-21  |i 3954714  |l 1  |m 1  |o 461.52 FUE 1994  |p 3954714  |r 2024-09-03  |s 2024-08-22  |w 2019-11-21  |y BK  |k EBA